<?xml version="1.0" encoding="UTF-8"?>
<record
    xmlns:xsi="http://www.w3.org/2001/XMLSchema-instance"
    xsi:schemaLocation="http://www.loc.gov/MARC21/slim http://www.loc.gov/standards/marcxml/schema/MARC21slim.xsd"
    xmlns="http://www.loc.gov/MARC21/slim">

  <leader>00513nam a2200145   4500</leader>
  <controlfield tag="001">3549</controlfield>
  <datafield tag="090" ind1=" " ind2=" ">
    <subfield code="a">3549</subfield>
  </datafield>
  <datafield tag="100" ind1=" " ind2=" ">
    <subfield code="a">20190723b u||y0fre||u0ba y50</subfield>
  </datafield>
  <datafield tag="101" ind1=" " ind2=" ">
    <subfield code="a">fre</subfield>
  </datafield>
  <datafield tag="200" ind1=" " ind2=" ">
    <subfield code="a">WUT</subfield>
    <subfield code="b">P&#xE9;riodique</subfield>
    <subfield code="d">WUT - Journal de lutte de la r&#xE9;daction du TAT</subfield>
    <subfield code="e">Kampfzeitung der TAT-Redaktion</subfield>
    <subfield code="f">TAT-Redaktion</subfield>
  </datafield>
  <datafield tag="210" ind1=" " ind2=" ">
    <subfield code="a">Zurich</subfield>
    <subfield code="b">c/o Journalisten-Union (SJU) / VPOD, Zurich</subfield>
    <subfield code="c">WUT</subfield>
  </datafield>
  <datafield tag="601" ind1=" " ind2=" ">
    <subfield code="9">859</subfield>
    <subfield code="a">Migros</subfield>
  </datafield>
  <datafield tag="606" ind1=" " ind2=" ">
    <subfield code="9">334</subfield>
    <subfield code="a">M&#xE9;dias</subfield>
  </datafield>
  <datafield tag="801" ind1=" " ind2=" ">
    <subfield code="a">CH</subfield>
    <subfield code="b">CH-002049-8</subfield>
  </datafield>
  <datafield tag="955" ind1=" " ind2=" ">
    <subfield code="r">1978: 3 &#xE0; 7. Un n&#xB0; s.d. et s.n. Un n&#xB0; d'octobre 1978 traduit en fran&#xE7;ais.</subfield>
  </datafield>
  <datafield tag="995" ind1=" " ind2=" ">
    <subfield code="1">0</subfield>
    <subfield code="2">0</subfield>
    <subfield code="3">0</subfield>
    <subfield code="5">2023-02-08</subfield>
    <subfield code="9">4085</subfield>
    <subfield code="b">ARCHIC</subfield>
    <subfield code="c">ARCHIC</subfield>
    <subfield code="e">P&#xE9;riodiques</subfield>
    <subfield code="f">5033</subfield>
    <subfield code="h">MV CT</subfield>
    <subfield code="k">P137</subfield>
    <subfield code="o">1</subfield>
  </datafield>
</record>
